Flórula de la meseta de arenisca de la comunidad de Monochoa (Registro nro. 1475)

Detalles MARC
000 -CABECERA
Campo de control 01018nam a2200301 a 4500
005 - FECHA Y HORA DE LA ULTIMA TRANSACCION
Campo de control 20160331093851.0
008 - ELEMENTOS DE LONGITUD FIJA—INFORMACION GENERAL
Campo de control 140227t1999 ck a fr|||| 00| 0 spa d
020 ## - ISBN
ISBN 958953781 (Estudios en la Amazonia colombiana)
020 ## - ISBN
ISBN 9589365094 (Volumen XIX)
040 ## - FUENTE DE CATALOGACIÓN
Agencia catalogadora original CO-BoIAVH
Agencia transcriptora CO-BoIAVH
041 0# - IDIOMA
Código de idioma para texto/pista de sonido o título separado Español
044 ## - PAÍS DE PUBLICACIÓN
País de publicación Colombia
090 ## - CLASIFICACIÓN LOCAL
Colección RE
Consecutivo 00060
100 1# - ASIENTO PRINCIPAL--NOMBRE PERSONAL
Nombre personal Arbeláez, María Victoria
9 (RLIN) 12450
245 10 - MENCION DE TITULO
Título Flórula de la meseta de arenisca de la comunidad de Monochoa
246 ## - FORMA VARIANTE DEL TITULO
Título propiamente dicho/forma breve del título Florula of the sandstone plateau of the community of Monochoa
260 ## - PUBLICACION, DISTRIBUCION, ETC. (PIE DE IMPRENTA)
Lugar de publicación, distribución, etc. Bogotá :
Nombre del editor, distribuidor, etc. Tropenbos Colombia,
Fecha de publicación, distribución, etc. c1999.
300 ## - DESCRIPCION FISICA
Extensión 296 páginas :
Otros detalles físicos Ilustraciones ;
Dimensiones 24 x 17 cm.
490 0# - MENCION DE SERIE
Mención de serie Estudios en la amazonia Colombiana
Designación numérica/secuencial del volumen 19
650 #6 - ASIENTO SECUNDARIO DE MATERIA - TERMINO TEMATICO
Término temático o nombre geográfico como elemento de entrada Vegetación
9 (RLIN) 64671
650 #6 - ASIENTO SECUNDARIO DE MATERIA - TERMINO TEMATICO
Término temático o nombre geográfico como elemento de entrada Ecología
9 (RLIN) 64672
650 #6 - ASIENTO SECUNDARIO DE MATERIA - TERMINO TEMATICO
Término temático o nombre geográfico como elemento de entrada Fitogeografía
9 (RLIN) 64673
650 #6 - ASIENTO SECUNDARIO DE MATERIA - TERMINO TEMATICO
Término temático o nombre geográfico como elemento de entrada Pteridofitos
9 (RLIN) 64674
650 #6 - ASIENTO SECUNDARIO DE MATERIA - TERMINO TEMATICO
Término temático o nombre geográfico como elemento de entrada Angiospermas
9 (RLIN) 64675
662 ## - ASIENTO SECUNDARIO DE MATERIA - JERARQUIA DEL NOMBRE DE LUGAR(
País o entidad mayor Colombia
Jurisdicción política intermedia Araracuara
Jurisdicción política de primer orden Amazonas
700 1# - ASIENTO SECUNDARIO - NOMBRE PERSONAL
Nombre personal Callejas Posada, Ricardo
9 (RLIN) 12454
942 ## - ELEMENTOS ADICIONALES (KOHA)
Tipo de ítem Libro
Sistema de clasificación Local
Existencias
Withdrawn status Lost status Sistema de Clasificación Damaged status No para préstamo Colección Inventariado Ubicación Permanente Ubicación actual Fecha de adquisición Fuente de Valor Valor Total Checkouts Número topográfico Inventario / Código de Barras Date last seen Ejemplar Price effective from Forma de adquisición Tipo de material
    Local     General Inventariado 2017 Bogotá Bogotá 01/09/1999 Instituto 39000.00   RE-00060 002029 04/12/2012 T-19 Ej. 1 04/12/2012   Libro
    Local     General Inventariado 2017 Sala Fabio Quevedo Sala Fabio Quevedo 14/11/2001 Instituto 39000.00   RE-00060 004834 04/12/2012 T-19 Ej. 2 04/12/2012   Libro